Guess the Mathematics Parent Function - Statistics

General Stats
  • This quiz has been taken 36 times
  • The average score is 9 of 12
Answer Stats
Picture Answer % Correct
Linear
100%
Quadratic
97%
Cosine
84%
Cubic
84%
Exponential
84%
Sine
84%
Tangent
84%
Absolute
71%
Rational
65%
Square Root
65%
Cubic Root
61%
Floor/Step
58%
No matching quizzes found
Score Distribution
Percent of People with Each Score
Percentile by Number Answered
Your Score History
You have not taken this quiz